Cyberspace : the fifth battleground? /
محفوظ في:
| المؤلف الرئيسي: | |
|---|---|
| التنسيق: | أطروحة كتاب |
| اللغة: | English |
| منشور في: |
2014
|
| الموضوعات: | |
| الوسوم: |
إضافة وسم
لا توجد وسوم, كن أول من يضع وسما على هذه التسجيلة!
|
| LEADER | 01258cam a2200325 i 4500 | ||
|---|---|---|---|
| 001 | u1006580 | ||
| 003 | SIRSI | ||
| 005 | 201411101534 | ||
| 008 | 141110s2014 my a t 000 0 eng m | ||
| 040 | |a UMM |e rda | ||
| 090 | |a U162 |b UM 2014 Tem | ||
| 100 | 1 | |a Temizkan, Yasin, |e author. | |
| 245 | 1 | 0 | |a Cyberspace : |b the fifth battleground? / |c Yasin Temizkan |
| 264 | 1 | |c 2014 | |
| 264 | 4 | |c 2014 | |
| 300 | |a v, 107 leaves : |b illustrations ; |c 30 cm. | ||
| 336 | |a text |2 rdacontent | ||
| 337 | |a unmediated |2 rdamedia | ||
| 338 | |a volume |2 rdacarrier | ||
| 502 | |b M.A.(Strateg.Def.Stud.) |c Jabatan Pengajian Antarabangsa dan Strategik, Fakulti Sastera dan Sains Sosial, Universiti Malaya |d 2014. | ||
| 504 | |a Bibliography: leaves 101-107. | ||
| 650 | 0 | |a World Wide Web |x Political aspects | |
| 650 | 0 | |a Computer networks |x International cooperation | |
| 650 | 0 | |a Cyberspace |x International cooperation | |
| 650 | 0 | |a Computer networks |x Political aspects | |
| 650 | 0 | |a Cyberspace |x Political aspects | |
| 710 | 2 | |a Universiti Malaya. |b Jabatan Pengajian Antarabangsa dan Strategik, |e degree granting institution. | |
| 900 | |a HA-ZA | ||
| 596 | |a 1 | ||
| 999 | |a U162 UM 2014 TEM |w LC |c 1 |i A516071555 |d 25/8/2015 |f 25/8/2015 |g 1 |l STACKS |m P01UTAMA |r Y |s Y |t TESIS |u 19/8/2015 |1 AHSS | ||
